| 000 | 01252nam2a22002171 4500 | ||
|---|---|---|---|
| 001 | v19\rc\2046802 | ||
| 005 | 20250620021323.0 | ||
| 035 | _a(NLR Aleph) 005126077 | ||
| 090 |
_a7637202 _c7637202 |
||
| 100 | _a20081111f19051917|||y0rusy50 ca | ||
| 101 | 0 | _arus | |
| 102 | _aRU | ||
| 105 | _aa z ||||| | ||
| 200 | 0 | _aЧ. 2 | |
| 215 |
_a[4], IV, 1047 с. _cчерт. |
||
| 461 | 0 |
_1001v19\rc\2046800 _12001#$a[Хютте]$eСправочная книга для инженеров, архитекторов, механиков и студентов с дополнениями для русских техников, под редакцией инженера Г.Л. Зандберга$vЧ. 2 _97637190 _cМосква _d1905- _e6-е изд., перераб., испр. и значит. доп. Ч. 1- _nт-во скоропеч. А.А. Левенсон _oСправочная книга для инженеров, архитекторов, механиков и студентов с дополнениями для русских техников, под редакцией инженера Г.Л. Зандберга _t[Хютте] _vЧ. 2 |
|
| 801 | 0 |
_aRU _bNLR _gpsbo |
|
| 801 | 1 |
_aRU _bProSoft-M _2rusmarc |
|
| 852 |
_aNLR _j38.63.7.38 |
||
| 942 | _cBOOK | ||
| 980 | _aNB | ||